000 00836nam a2200253Ia 4500
003 OSt
005 20220923221102.0
006 a|||||r|||| 00| 0
007 ta
008 220922b |||||||| |||| 00| 0 hin d
024 _a194,837
037 _cTextual
040 _aARTS
_cARTS
_bhin
041 _2hin
_ahin
082 _aO152,3M80x, M2
100 _aमिश्र, रामदरश, संपा.
245 0 _aकथाकार प्रेमचन्द
246 _aKathākār premachanda
260 _aनई दिल्ली
_b नेशनल पब्लि0हा0
_c1982
300 _a211पृ.
_ccm.
650 _aहिन्दी साहित्य
_9156264
942 _hO152,3M80x, M2
_cTEXL
_2CC
999 _c347100
_d347100